[Event "Cappelle op"]
[Site "Cappelle la Grande"]
[Date "1994.??.??"]
[Round "8"]
[White "Wyss, Valter"]
[Black "Urban, Klaudiusz"]
[Result "0-1"]
[WhiteElo "2285"]
[BlackElo "2440"]

1.e4 g6 2.d4 Bg7 3.Nc3 d6 4.Nf3 Nf6 5.Be2 O-O 6.O-O Nc6 7.h3 e5 8.dxe5 dxe5
9.Bc4 h6 10.Be3 Qe7 11.Qe2 Na5 12.Rfd1 Nxc4 13.Qxc4 Re8 14.Nd5 Nxd5 15.exd5 b6
16.Bd2 a5 17.Re1 Bb7 18.Bc3 Qd6 19.Re3 Bxd5 20.Qe2 f6 21.Nd2 Qc6 22.f3 Rad8
23.a4 Bf7 24.Ne4 Rd5 25.Nf2 Red8 26.Be1 R5d7 27.b3 h5 28.Rd1 Rxd1 29.Nxd1 Rd4
30.Nf2 Qd7 31.Bc3 Rd6 32.Rd3 Be6 33.Rxd6 cxd6 34.Bb2 d5 35.Qd3 Kh7 36.g4 hxg4
37.hxg4 Qc6 38.Qe2 Bc8 39.Kg2 Bh6 40.Nd3 Qc7 41.Nf2 Bb7 42.Nh3 Bg7 43.Kf1 Qd6
44.Ke1 d4 45.Qd3 Qe6 46.Kd1 Qc6 47.Ke2 Qc8 48.Kf2 Bh6 49.Kg3 Be3 50.Nf2 Qc6
51.Qe2 f5 52.Nh3 Qc8 53.Ba3 fxg4 54.fxg4 Qc3 55.Kh2 Be4 56.Bd6 Qxc2 57.Qxc2 Bxc2  0-1

[Event "FRA-ch"]
[Site "Chambery"]
[Date "1994.??.??"]
[Round "?"]
[White "Bauer, Christian"]
[Black "Bricard, Emmanuel"]
[Result "1/2-1/2"]
[WhiteElo "2420"]
[BlackElo "2455"]

1.e4 g6 2.d4 d6 3.Nc3 Bg7 4.f4 Nc6 5.Bb5 a6 6.Bxc6+ bxc6 7.Nf3 Nf6 8.Qe2 Bg4
9.O-O O-O 10.h3 Bxf3 11.Qxf3 Nd7 12.Ne2 c5 13.Be3 Qb8 14.b3 Qb7 15.Kh1 cxd4
16.Bxd4 e5 17.Bc3 f5 18.exf5 Qxf3 19.Rxf3 Rxf5 20.Raf1 Raf8 21.g4 R5f7 22.Kg2 d5
23.fxe5 Bxe5 24.Rxf7 Rxf7 25.Rf3 c5 26.Rxf7 Kxf7 27.Bxe5 Nxe5 28.Nf4 d4 29.Nd3 Nxd3
30.cxd3 Kf6 31.Kf3 Ke5 32.g5 Kf5 33.h4 Ke5 34.Kg4 a5 35.a4  1/2-1/2

[Event "FRA-ch (Women)"]
[Site "Chambery"]
[Date "1994.??.??"]
[Round "?"]
[White "Gatine, Aurelia"]
[Black "Flear, Christine"]
[Result "0-1"]
[WhiteElo "2060"]
[BlackElo "2175"]

1.e4 d6 2.d4 g6 3.Nc3 Bg7 4.Be3 c6 5.f3 Nf6 6.Qd2 Qa5 7.g4 b5 8.h4 b4 9.Nce2 h5
10.g5 Nfd7 11.Ng3 Ba6 12.Bxa6 Nxa6 13.N1e2 e5 14.O-O Nb6 15.Qd3 O-O 16.f4 c5
17.c3 bxc3 18.bxc3 exd4 19.cxd4 Nb4 20.Qb3 Qa4 21.Qxa4 Nxa4 22.Rfc1 Rfc8
23.a3 Nd3 24.Rc4 Nab2 25.Rc2 cxd4 26.Nxd4 Nc4 27.Rc3 Nxe3 28.Rxd3 Bxd4 29.Rxd4 Nc2
30.Rad1 Nxd4 31.Rxd4 Rc3 32.Kf2 Rb8  0-1

[Event "US op rapid"]
[Site "Chicago"]
[Date "1994.??.??"]
[Round "?"]
[White "Abbasi, Nasser M"]
[Black "Weeramantry, Sunil"]
[Result "1-0"]
[WhiteElo "2280"]
[BlackElo "2270"]

1.e4 d6 2.d4 g6 3.Nc3 Bg7 4.Nf3 Nf6 5.Be2 O-O 6.O-O Bg4 7.Be3 Nc6 8.Qd2 e5
9.d5 Ne7 10.Rad1 Ne8 11.Ne1 Bxe2 12.Qxe2 f5 13.f4 exf4 14.Bxf4 Nf6 15.e5 Nh5
16.exd6 cxd6 17.Qe6+ Rf7 18.Bxd6 Qb6+ 19.Kh1 Bxc3 20.bxc3 Re8 21.Be5 Qb5
22.c4 Qxc4 23.Nf3 Qc8 24.Bb2 Qxe6 25.dxe6 Rff8 26.Rd7 Nc6 27.Rxb7  1-0

[Event "USA-op"]
[Site "Chicago"]
[Date "1994.??.??"]
[Round "?"]
[White "Gratz, Glen"]
[Black "Weeramantry, Sunil"]
[Result "0-1"]
[WhiteElo "2205"]
[BlackElo "2300"]

1.e4 d6 2.d4 g6 3.Nc3 Bg7 4.Be2 Nf6 5.Be3 c6 6.Qd2 b5 7.a3 Nbd7 8.f4 Nb6
9.b3 a6 10.Rd1 Qc7 11.Bf3 Ng4 12.Bxg4 Bxg4 13.Nge2 O-O 14.h3 Bxe2 15.Nxe2 a5
16.O-O a4 17.b4 Nc4 18.Qc1 Rad8 19.f5 c5 20.c3 Qb7 21.Ng3 cxb4 22.cxb4 Qb6
23.Kh1 Nxe3 24.Qxe3 Rc8 25.Rd3 Rc4 26.e5 dxe5 27.dxe5 Qxe3 28.Rxe3 Rd8 29.f6 exf6
30.exf6 Bh6 31.Re4 Rc1 32.Ree1 Rxe1 33.Rxe1 Rc8 34.Ne2 Re8 35.Kg1 Bg5 36.Kf2 Bxf6
37.Rd1 Kg7 38.Rd5 Re5 39.Rxe5 Bxe5 40.Ke3 Bb2 41.Kd3 Kf6 42.Nd4 Bxa3 43.Kc3 Ke5
44.Nxb5 Bc1 45.Kc2 Be3 46.Nc3 a3 47.Kb3 Bd4 48.Na2 Kf4 49.Nc1 Ba7 50.Ne2+ Ke3
51.Nc3 Kf2 52.Ne4+ Kxg2 53.Ng5 f5 54.Nxh7 f4 55.Nf8 f3 56.Nxg6 f2 57.Nh4+ Kxh3  0-1

[Event "CZE-ch (Women)"]
[Site "Chrudim"]
[Date "1994.??.??"]
[Round "1"]
[White "Jurikova, D."]
[Black "Nemcova, Vaclava"]
[Result "0-1"]
[WhiteElo "1755"]
[BlackElo "1995"]

1.d4 g6 2.Nc3 Bg7 3.e4 d6 4.Bc4 c6 5.Nf3 Nf6 6.Bg5 b5 7.Bb3 b4 8.Bxf6 Bxf6
9.Ne2 Nd7 10.Qd2 Qb6 11.O-O Bb7 12.Rad1 O-O 13.Qh6 Bg7 14.Qh3 Nf6 15.e5 dxe5
16.dxe5 Nd5 17.Ng5 h6 18.Ne4 Ba6 19.Rfe1 Bxe2 20.Rxe2 Nf4 21.Qf3 Nxe2+ 22.Qxe2 Bxe5
23.Qg4 Kg7 24.Rd7 Rae8  0-1

[Event "CZE-ch (Women)"]
[Site "Chrudim"]
[Date "1994.??.??"]
[Round "3"]
[White "Bartoszova, J."]
[Black "Gallova, Z."]
[Result "1/2-1/2"]
[WhiteElo "2075"]
[BlackElo "1750"]

1.d4 d6 2.e4 g6 3.Nc3 Bg7 4.f4 c6 5.Nf3 Nf6 6.Be2 O-O 7.O-O Bg4 8.Be3 Nbd7
9.e5 dxe5 10.dxe5 Ne8 11.Qe1 Nb6 12.Rd1 Nd5 13.Nxd5 cxd5 14.Qh4 Bf5 15.Bc5 f6
16.Nd4 Qc7 17.Ba3 fxe5 18.Nxf5 gxf5 19.Rxd5 e4 20.Qxe7 Qxe7 21.Bxe7 Rf7 22.Rd7 Rc8
23.Bh5 Bd4+ 24.Kh1 Rg7 25.Rd1 Bf6 26.Bxf6 Rxd7 27.Rxd7 Nxf6 28.Bf7+ Kf8 29.Rxb7 Rxc2
30.Kg1 Ng4 31.Kf1 Ne3+ 32.Ke1 Nxg2+ 33.Kd1 e3 34.Bh5 Rd2+ 35.Kc1 e2 36.Bxe2 Rxe2
37.Rxa7 Nxf4 38.Rxh7 Nd3+ 39.Kd1 Rxb2 40.a4 f4 41.Rd7 Rb3 42.Kc2 Nc5 43.Rc7 Ra3  1/2-1/2

[Event "CZE-ch (Women)"]
[Site "Chrudim"]
[Date "1994.??.??"]
[Round "5"]
[White "Konigova, Petra"]
[Black "Gallova, Z."]
[Result "0-1"]
[WhiteElo "1690"]
[BlackElo "1640"]

1.e4 d6 2.d4 g6 3.Nc3 Bg7 4.Nf3 c6 5.a4 a5 6.Be2 Nf6 7.h3 O-O 8.O-O Qc7 9.Be3 Nbd7
10.Qd2 Rd8 11.Rad1 Nf8 12.Rfe1 d5 13.exd5 Nxd5 14.Nxd5 Rxd5 15.Bc4 Rd8 16.Bf4 Qd7
17.Bh6 Bf6 18.Qf4 Qd6 19.Ne5 Be6 20.Bxf8 Bxc4 21.Qe3 Bxe5 22.dxe5 Qxd1 23.Rxd1 Rxd1+
24.Kh2 Kxf8 25.Qf4 Be6 26.b3 Rad8 27.Qh6+ Kg8 28.Qe3 R1d2  0-1

[Event "Copenhagen op16"]
[Site "Copenhagen"]
[Date "1994.??.??"]
[Round "1"]
[White "Strange, Mikkel"]
[Black "Hoi, Carsten"]
[Result "1/2-1/2"]
[WhiteElo "2155"]
[BlackElo "2425"]

1.e4 g6 2.d4 Bg7 3.Nc3 d6 4.Nf3 Nf6 5.Be2 O-O 6.O-O Bg4 7.h3 Bxf3 8.Bxf3 Nc6
9.e5 Nd7 10.Bxc6 bxc6 11.f4 c5 12.dxc5 Nxc5 13.Be3 Nd7 14.exd6 cxd6 15.Rb1 Nf6
16.b4 e6 17.Qd3 d5 18.a4 Qc7 19.b5 Rfc8 20.Bd4 Nd7 21.Bxg7 Kxg7 22.Rf3 Qb6+
23.Kh1 Rc7 24.Qd2 Nf6 25.f5 exf5 26.Nxd5 Nxd5 27.Qxd5 Rac8 28.c3 Rxc3 29.Rxc3 Rxc3
30.Qe5+ Qf6 31.Qxf6+ Kxf6 32.a5 Ke7 33.b6 axb6 34.axb6 Rc8 35.b7 Rb8 36.Rb6 Kd8
37.Kh2 Kc7 38.Rf6 Rf8 39.Kg3 Kxb7 40.Kf4 h6 41.h4  1/2-1/2

[Event "Copenhagen op16"]
[Site "Copenhagen"]
[Date "1994.??.??"]
[Round "2"]
[White "Alkaersig, Ole"]
[Black "Bogdanov, Dimitri"]
[Result "1-0"]
[WhiteElo "2190"]
[BlackElo "2090"]

1.e4 g6 2.d4 Bg7 3.Nc3 d6 4.f4 Nf6 5.Nf3 O-O 6.Be2 c5 7.dxc5 Qa5 8.O-O Qxc5+
9.Kh1 Nc6 10.Bd3 Bg4 11.Qe1 Bxf3 12.Rxf3 Nd4 13.Rf1 b5 14.a3 a5 15.Be3 b4
16.Na4 Nxc2 17.Nxc5 Nxe1 18.Raxe1 dxc5 19.e5 Nd5 20.Bxc5 Rac8 21.Rc1 Rfd8
22.Ba6 Rc7 23.Rfd1 e6 24.g3 Ra8 25.Bd6 Rca7 26.Be2 Rd8 27.Bf3 Ne3 28.Re1 Nf5
29.Bc5 Rad7 30.axb4 axb4 31.Bxb4 Nd4 32.Be4 Nb3 33.Rc6 g5 34.Rd6 Rxd6 35.Bxd6 gxf4
36.gxf4 h6 37.Rg1 Rd7 38.f5 exf5 39.Bxf5 Ra7 40.e6 fxe6 41.Bxe6+ Kh7 42.Bxb3 Rb7  1-0

[Event "Copenhagen op16"]
[Site "Copenhagen"]
[Date "1994.??.??"]
[Round "3"]
[White "Petersen, Steen"]
[Black "Hoi, Carsten"]
[Result "0-1"]
[WhiteElo "2085"]
[BlackElo "2425"]

1.e4 g6 2.d4 Bg7 3.Nc3 d6 4.Nge2 Nf6 5.g3 O-O 6.Bg2 e5 7.O-O Nc6 8.dxe5 dxe5
9.Be3 Be6 10.h3 Qc8 11.Kh2 Rd8 12.Qc1 Nd4 13.Rd1 Bc4 14.Nxd4 exd4 15.Bxd4 Rxd4
16.Rxd4 Ng4+ 17.hxg4 Bxd4 18.Qd2 Bg7 19.f3 Qd8 20.Qe1 Qg5 21.Rd1 h5 22.b3 hxg4
23.bxc4 Qh5+ 24.Kg1 gxf3 25.Rd5 Qg4 26.Qd1 Qxg3 27.Qxf3 Qe1+ 28.Bf1 Qxc3
29.Qxc3 Bxc3 30.Rd7 Be5 31.c5 Kg7 32.Bc4 Rf8 33.Bd5 b6 34.c6 g5 35.Be6 Kf6
36.Bf5 g4 37.Kg2 Kg5 38.Rd5 Kf4 39.Rd3 Rh8 40.Rg3 Rh4 41.Rd3 Rh6  0-1

[Event "Copenhagen op16"]
[Site "Copenhagen"]
[Date "1994.??.??"]
[Round "3"]
[White "Mortensen, Beatrix"]
[Black "Berg, Klaus"]
[Result "0-1"]
[WhiteElo "2100"]
[BlackElo "2440"]

1.e4 g6 2.d4 Bg7 3.Nc3 d6 4.Be3 a6 5.Qd2 b5 6.O-O-O Nd7 7.h4 h5 8.Nh3 Bb7
9.f3 Rc8 10.Ng5 Nb6 11.Qe1 e6 12.Be2 Qe7 13.Rf1 Nf6 14.g4 e5 15.f4 exf4 16.Bxf4 Nxg4
17.e5 dxe5 18.Bxe5 Nxe5 19.dxe5 O-O 20.e6 fxe6 21.Rxf8+ Rxf8 22.Bd3 b4 23.Nb1 Na4
24.c3 bxc3 25.bxc3 Bd5 26.Bxg6 Bxa2 27.Qxe6+  0-1

[Event "Copenhagen op2"]
[Site "Copenhagen"]
[Date "1994.??.??"]
[Round "3"]
[White "Hansen, Gunnar West"]
[Black "Hutters, Tomas"]
[Result "0-1"]
[WhiteElo "2275"]
[BlackElo "2445"]

1.e4 g6 2.d4 Bg7 3.Nc3 d6 4.f4 c6 5.Nf3 Bg4 6.Be3 Qb6 7.Qd2 Bxf3 8.gxf3 Nd7
9.O-O-O Qa5 10.h4 Ngf6 11.Kb1 O-O-O 12.Bc4 e6 13.Rdg1 d5 14.Bd3 Nh5 15.f5 exf5
16.exd5 cxd5 17.a3 Bf8 18.Bg5 f6 19.Bh6 Be7 20.Re1 Rhe8 21.Re6 Nf8 22.Ree1 a6
23.Rhg1 Bd6 24.Ka2 Ne6 25.Be3 Bf4 26.b4 Qc7 27.Na4 Nxd4 28.Bxf4 Nxf4 29.Rxe8 Rxe8
30.Re1 Rxe1 31.Qxe1 Qe5 32.Qc3+ Nc6 33.Qc5 Qe7 34.Nb6+ Kb8 35.Qf2 Nxd3 36.cxd3 d4
37.h5 Qe6+ 38.Kb2 Ka7 39.Nc4 b5 40.Nd2 Qe3  0-1

[Event "Copenhagen op16"]
[Site "Copenhagen"]
[Date "1994.??.??"]
[Round "4"]
[White "Strange, Mikkel"]
[Black "Bogdanov, Dimitri"]
[Result "0-1"]
[WhiteElo "2155"]
[BlackElo "2090"]

1.e4 g6 2.d4 Bg7 3.Nc3 d6 4.Nf3 Nf6 5.Be2 O-O 6.O-O c6 7.h3 Nbd7 8.Be3 e5
9.dxe5 dxe5 10.Qd6 Re8 11.Rad1 Qa5 12.Ng5 Bf8 13.Qd2 b5 14.f4 exf4 15.Bxf4 b4
16.Nb1 Nxe4 17.Nxe4 Rxe4 18.Kh1 Ne5 19.Bxe5 Rxe5 20.Bc4 Bf5 21.g4 Be4+ 22.Kh2 Bd5
23.Bxd5 Rxd5 24.Qf2 Qc7+ 25.Kg2 Bc5 26.Qf3 Rad8 27.Rxd5 Rxd5 28.c3 bxc3 29.bxc3 Qd7
30.Re1 Rd3 31.Qe4 Bf8 32.a4 Qd6 33.Re3 Rxe3 34.Qxe3 Qd5+ 35.Kg3 Bd6+ 36.Kh4 Bc5
37.Qe2 Kg7 38.Kg3 Bd6+ 39.Kf2 Qh1 40.Qd3 Qh2+ 41.Kf1 Bg3 42.Qd4+ Be5 43.Qe3 Bf4
44.Qd4+ Kh6 45.Qd3 Kg5 46.Qd8+ f6 47.Qa5+ Kh4 48.Qxa7 Qxh3+ 49.Kf2 Bg3+ 50.Ke2 Qxg4+
51.Kd2 Bf4+ 52.Kc2 Qe2+ 53.Kb3 Qd1+ 54.Kb2 Bc1+ 55.Ka1 Qc2 56.Qd4+ Kh3 57.Qb4 f5
58.a5 Be3 59.Na3 Qd1+ 60.Ka2 Qd5+ 61.Kb2 Bc5 62.Qa4 g5 63.a6 Qd7 64.Qc4 Ba7
65.Qf1+ Kg3 66.Qe1+ Bf2 67.Qe5+ Kh3 68.Nc2 g4 69.Nd4 Bxd4 70.cxd4 Qa7 71.Qe3+ g3
72.Qf4 Qxa6 73.Qxf5+ Kh2 74.Qxh7+ Kg1 75.Qh6 Qe2+ 76.Kc3 Qe4 77.Qc1+ Kf2
78.d5 cxd5 79.Qd2+ Qe2 80.Qxd5 Qf3+  0-1

[Event "Copenhagen op2"]
[Site "Copenhagen"]
[Date "1994.??.??"]
[Round "6"]
[White "Mortensen, Henrik"]
[Black "Hansen, Gunnar West"]
[Result "0-1"]
[WhiteElo "2130"]
[BlackElo "2275"]

1.e4 g6 2.d4 Bg7 3.Nc3 d6 4.Nge2 c6 5.a4 Nf6 6.g3 O-O 7.Bg2 e5 8.h3 exd4
9.Nxd4 a5 10.O-O Na6 11.Nb3 Qc7 12.Bf4 Rd8 13.Qe2 Nh5 14.Bg5 Re8 15.Qd2 Be6
16.Nd4 Bc4 17.Rfe1 Nc5 18.b3 Bd3 19.g4 Ng3 20.fxg3 Bxd4+ 21.Kh2 Be5 22.Rad1 Ba6
23.Ne2 Bxe2 24.Rxe2 Re6 25.Rf1 f6 26.Be3 Nd7 27.g5 Rae8 28.gxf6 Nxf6 29.Bg5 Nh5
30.Bf4 d5 31.Ref2 Nxg3 32.Kxg3 g5 33.exd5 gxf4+ 34.Kf3 Rg6 35.Re2 Qg7 36.Rg1 Rg3+
37.Kf2 Bd4+ 38.Kf1 Be3 39.Qxa5 Rf3+ 40.Ke1 Qa1+  0-1

[Event "Copenhagen op16"]
[Site "Copenhagen"]
[Date "1994.??.??"]
[Round "8"]
[White "Stefansson, Hannes"]
[Black "Hoi, Carsten"]
[Result "0-1"]
[WhiteElo "2525"]
[BlackElo "2425"]

1.e4 g6 2.d4 Bg7 3.Nc3 d6 4.f4 Nf6 5.Nf3 O-O 6.Bd3 Na6 7.O-O c5 8.d5 Bg4
9.Be3 Nc7 10.h3 Bxf3 11.Qxf3 Rb8 12.a4 Nd7 13.Bc4 a6 14.a5 b5 15.axb6 Nxb6
16.Bd3 Qc8 17.Nd1 Nb5 18.c3 e6 19.f5 Nd7 20.Qg3 c4 21.Be2 exf5 22.exf5 Nf6
23.Qf3 Re8 24.Ra4 Re5 25.fxg6 fxg6 26.Bxc4 Kh8 27.Bf4 Re8 28.Rb4 Nd4 29.Qd3 Rxb4
30.cxb4 Ne2+ 31.Kh2 Nh5 32.g3 Nexf4 33.gxf4 Nxf4 34.Rxf4 Be5 35.Bxa6 Bxf4+
36.Kg2 Qd8 37.Qf3 Qg5+  0-1

[Event "Copenhagen op16"]
[Site "Copenhagen"]
[Date "1994.??.??"]
[Round "9"]
[White "Hansen, Henrik Michael"]
[Black "Gasseholm, Finn"]
[Result "1-0"]
[WhiteElo "2060"]
[BlackElo "2140"]

1.e4 g6 2.d4 Bg7 3.Nc3 d6 4.Be3 Nd7 5.Qd2 e5 6.O-O-O h6 7.h4 Ngf6 8.f3 exd4
9.Bxd4 O-O 10.g4 Ne5 11.Bxe5 Nxe4 12.Nxe4 Bxe5 13.Qxh6 Bg7 14.Qg5  1-0

[Event "Copenhagen op16"]
[Site "Copenhagen"]
[Date "1994.??.??"]
[Round "10"]
[White "Hector, Jonny"]
[Black "Hoi, Carsten"]
[Result "1/2-1/2"]
[WhiteElo "2515"]
[BlackElo "2425"]

1.e4 g6 2.d4 Bg7 3.Nc3 d6 4.f4 Nf6 5.e5 Nfd7 6.Nf3 O-O 7.Bc4 Nb6 8.Bd3 Nc6
9.Be3 dxe5 10.dxe5 f6 11.exf6 Bxf6 12.O-O Nb4 13.Be4 Qxd1 14.Raxd1 Bf5 15.Bxf5 gxf5
16.Bc5 Nc6 17.Nb5 Na4 18.Bf2 Nxb2 19.Rd7 a6 20.Nxc7 Rfd8 21.Rd5 Rac8 22.Rxd8+ Rxd8
23.Ne6 Rd1 24.Nc5 Nb4 25.Nxb7 Nxa2 26.Rxd1 Nxd1 27.Bd4 Kg7 28.c4 Nb4 29.Ne5 Bxe5
30.Bxe5+ Kf7 31.Na5 Ke6 32.h3 Nd3 33.Bb8 Nc3 34.g3 Kd7 35.Kg2 Nb4 36.Be5 Ne4
37.Nb3 Nc6 38.Bh8 a5 39.g4 fxg4 40.hxg4 a4 41.Na1 Nd2 42.c5 Ne4 43.f5 Ke8
44.Kf3 Nxc5 45.g5 Kf7 46.Nc2 e6 47.Kg4 exf5+ 48.Kxf5 Ne7+ 49.Kg4 Kg6 50.Na3 Ne4
51.Nc4 Nc6 52.Bb2 Nf2+ 53.Kh4 Nd3 54.Ba3 Nd4 55.Kg4 Nb5 56.Be7 Kf7 57.Bf6 a3
58.Kh5 Nf4+ 59.Kh6 Kg8 60.Ba1 a2 61.Ne5 Na3 62.Nd7 Nc2 63.Nf6+ Kf7 64.Bc3  1/2-1/2

[Event "Corsico op"]
[Site "Corsico"]
[Date "1994.??.??"]
[Round "?"]
[White "Di Fonzo, Valerio"]
[Black "Marzano, Carlo"]
[Result "1-0"]
[WhiteElo "2245"]
[BlackElo "2210"]

1.e4 g6 2.d4 Bg7 3.Nc3 d6 4.h3 a6 5.Nf3 b5 6.a4 b4 7.Nd5 a5 8.Bc4 Nd7 9.Nf4 h6
10.c3 Nb6 11.Bb5+ Bd7 12.Bxd7+ Qxd7 13.cxb4 axb4 14.b3 Nf6 15.Qc2 O-O 16.Be3 e6
17.Rc1 Rfc8 18.Nd2 Qe7 19.Qc6 d5 20.e5 Nfd7 21.Nd3 Nb8 22.Qc5 Qxc5 23.Nxc5 N6d7
24.Nf3 Ra5 25.Nxd7 Nxd7 26.Rc6 Nb8 27.Rc2 Nd7 28.Ke2 c5 29.dxc5 Nxe5 30.Rhc1 Nxf3
31.Kxf3 d4 32.Bd2 d3 33.Rc4 Bb2 34.Rb1 Bc3 35.Bxc3 bxc3 36.Rxc3 Raxc5 37.Rxd3 e5
38.Rbd1 f5 39.Rd8+ Kf7 40.Rxc8 Rxc8 41.b4 Rc3+ 42.Ke2 Rc2+ 43.Ke1 Rc4 44.Rb1 Rc2
45.Kf1 Ra2 46.a5 Ke6 47.g3 e4 48.b5 Rxa5 49.b6 Ra8 50.b7 Rb8 51.Ke2 Kd5 52.Ke3 Kc6
53.Kf4 Rxb7 54.Rxb7 Kxb7 55.Ke5 Kc6 56.h4 Kc5 57.Kf6 Kd5 58.Kxg6 Ke5 59.Kxh6 Kf6
60.h5 f4 61.gxf4 Kf5 62.Kg7 Kxf4 63.Kf6  1-0

[Event "CZE-chT"]
[Site "?"]
[Date "1994.??.??"]
[Round "?"]
[White "Gross, David"]
[Black "Seifert, Milan"]
[Result "1-0"]
[WhiteElo "2375"]
[BlackElo "2280"]

1.e4 g6 2.d4 Bg7 3.Nc3 d6 4.Be3 Nf6 5.Qd2 Ng4 6.Bg5 h6 7.Bh4 Nc6 8.f3 Nf6
9.O-O-O a6 10.f4 b5 11.d5 Na5 12.e5 Nh5 13.e6 O-O 14.g4 Nf6 15.g5 Nh5 16.f5 fxe6
17.gxh6 Be5 18.Nce2 Bxb2+ 19.Kb1 Rxf5 20.Qxa5 Bh8 21.Bh3 Rxd5 22.Rxd5 exd5
23.Qd2 c6 24.Qe3 Nf6 25.Be6+ Kh7 26.Nf3 Ne4 27.Qxe4 dxe4 28.Ng5+ Kxh6 29.Nf7+ Kh5
30.Nxd8 Kxh4 31.Rg1 Be5 32.Rxg6 Bxe6 33.Nxe6 Rh8 34.Ng3 d5 35.Nf5+ Kh3 36.Ne3 Bxh2
37.Ng5+ Kh4 38.Nf7 Rf8 39.Nf5+ Kh3 40.Ng5+ Kg4 41.Ne6+ Kxf5 42.Nxf8 Bf4 43.Rxc6 e5
44.Ne6 Bd2 45.c3 b4 46.cxb4 Bxb4 47.Kc2 d4 48.Kd1 d3 49.Rc4 Kxe6 50.Rxb4 e3
51.Re4  1-0

[Event "DEN-chT 9495"]
[Site "?"]
[Date "1994.??.??"]
[Round "1"]
[White "Rewitz, Poul"]
[Black "Pedersen, Svend"]
[Result "1-0"]
[WhiteElo "2285"]
[BlackElo "2250"]

1.e4 g6 2.d4 Bg7 3.Nc3 d6 4.Be3 Nf6 5.f3 c6 6.Qd2 Nbd7 7.g4 b5 8.O-O-O Nb6
9.Bh6 Bxh6 10.Qxh6 Qc7 11.h4 b4 12.Nce2 Ba6 13.Kb1 c5 14.h5 O-O-O 15.hxg6 fxg6
16.d5 e5 17.Nf4 Qb7 18.Ne6 Rd7 19.Qxg6 Ne8 20.Qf5 Bxf1 21.Rxf1 Nc4 22.Qg5 Nc7
23.Nxc7 Qxc7 24.Ne2 Rf7 25.Ng3 Rf4 26.Rf2 Ne3 27.Nh5 Nxg4 28.Rff1 Ne3 29.Nxf4 exf4
30.Rf2 Rf8 31.Rfh2  1-0

[Event "DEN-chT 9495"]
[Site "?"]
[Date "1994.??.??"]
[Round "2"]
[White "Hutters, Tomas"]
[Black "Andreasen, Per"]
[Result "0-1"]
[WhiteElo "2420"]
[BlackElo "2275"]

1.d4 g6 2.e4 Bg7 3.Nc3 d6 4.Nge2 e5 5.Be3 Nc6 6.Qd2 f5 7.exf5 Bxf5 8.d5 Nce7
9.f3 Nf6 10.O-O-O O-O 11.g4 Bd7 12.Ng3 b5 13.h4 b4 14.Nce4 Nxe4 15.Nxe4 Rxf3
16.Be2 Bxg4 17.Rdg1 Rxe3 18.Qxe3 Nf5 19.Qd3 Bh6+ 20.Kb1 Bxe2 21.Qxe2 Be3
22.Rg2 Bf4 23.h5 g5 24.Nxg5 Bxg5 25.Qg4 Ne3 26.Qxg5+ Qxg5 27.Rxg5+ Kh8 28.Rhg1 Nxd5
29.h6 Rf8 30.Kc1 Nf4 31.R1g4 a5 32.Rg7 Nd5 33.Rg1 Nf4 34.Kd1 Nd5 35.Rd7 Rg8
36.Rxg8+ Kxg8 37.Ke2 a4 38.b3 a3 39.Kd2 Nc3 40.Rxc7 Nxa2  0-1

[Event "DEN-chT9394"]
[Site "DEN"]
[Date "1994.??.??"]
[Round "4"]
[White "Schandorff, Lars"]
[Black "Hove, Esben Kjems"]
[Result "1-0"]
[WhiteElo "2420"]
[BlackElo "2275"]

1.e4 g6 2.d4 Bg7 3.Nc3 d6 4.Be3 c6 5.Qd2 d5 6.Nf3 dxe4 7.Nxe4 Nf6 8.Nxf6+ Bxf6
9.Bc4 Nd7 10.O-O Nb6 11.Bb3 O-O 12.Bh6 Bg7 13.Rfe1 Bg4 14.Ne5 Bf5 15.Bxg7 Kxg7
16.Bxf7 Rxf7 17.Qh6+ Kxh6 18.Nxf7+ Kg7 19.Nxd8 Rxd8 20.Rxe7+ Kh6 21.Rxb7 Rxd4
22.Rxa7 Bxc2 23.h3 g5 24.b3 Kg6 25.Rc1 Be4 26.f3 Bd5 27.a4 h5 28.a5 Nc8 29.Rd7 Rb4
30.Rc7 Rb8 31.b4 Kf5 32.b5 Rxb5 33.Rxc8 Rxa5 34.Rc2 g4 35.Kf2 gxf3 36.gxf3 Kg5
37.Kg3 Ra3 38.h4+ Kf5  1-0

[Event "DEN-chT9394"]
[Site "DEN"]
[Date "1994.??.??"]
[Round "4"]
[White "Boe, Mads"]
[Black "Andreasen, Per"]
[Result "1/2-1/2"]
[WhiteElo "2275"]
[BlackElo "2275"]

1.e4 g6 2.d4 Bg7 3.Nc3 d6 4.Be3 Nd7 5.Bc4 e5 6.Nf3 Ngf6 7.O-O O-O 8.dxe5 dxe5
9.Nd2 c6 10.a4 Qe7 11.Nb3 Ne8 12.a5 Nc7 13.Na4 Ne6 14.Qd2 Bf6 15.Qc3 Kg7
16.Rad1 h6 17.Rd2 Kh7 18.Rfd1 Bg5 19.Bxe6 Bxe3 20.Qxe3 Qxe6 21.Qc3 Qe7 22.f3 Kg7
23.Rd6 Nf6 24.Qc5 Re8 25.Nc1 Nd7 26.Qc3 Nf6 27.Na2 Nd5 28.Qa3 Nf4 29.Qe3 Qg5
30.Qd2 Be6 31.Nb4 Rad8 32.g3 Rxd6 33.Qxd6 Nh3+ 34.Kg2 Nf4+ 35.Kh1 Qh5 36.Rf1 Bh3
37.Rf2 Bg2+ 38.Kg1 Bxf3 39.gxf4 Qg4+ 40.Kf1 Bxe4 41.fxe5 Bf5 42.Nc3 Re6 43.Qc5 Qg5
44.Nd3 Bxd3+ 45.cxd3 Rxe5 46.Qd4 Qc1+ 47.Kg2 Qg5+ 48.Kf1 Qc1+ 49.Kg2 Qg5+
50.Kf1 Qc1+  1/2-1/2

[Event "Djakovo op"]
[Site "Djakovo"]
[Date "1994.??.??"]
[Round "7"]
[White "Ascic, Pero"]
[Black "Kosanski, Stanko"]
[Result "1/2-1/2"]
[WhiteElo "2235"]
[BlackElo "2425"]

1.e4 g6 2.d4 Bg7 3.Nc3 d6 4.Bc4 e6 5.Be3 c6 6.Qd2 b5 7.Bd3 a6 8.Nce2 Nd7
9.a4 Bb7 10.f3 Nb6 11.a5 Nd7 12.Nh3 c5 13.c3 Ne7 14.Nf2 O-O 15.h4 cxd4 16.cxd4 e5
17.Bh6 f5 18.h5 f4 19.hxg6 Nxg6 20.Bxg7 Kxg7 21.O-O-O Rf7 22.Ng4 Ndf8 23.Kb1 Bc8
24.Nh6 Rb7 25.b4 Be6 26.g3 fxg3 27.Rdg1 Bc4 28.Rxg3 Qf6 29.f4 Bxd3+ 30.Rxd3 exf4
31.Nf5+ Kh8 32.Nxf4 Nxf4 33.Qxf4 Rd8 34.Rh6 Ng6 35.Qg4 Rc7 36.Rdh3 Kg8 37.Rf3 Rdc8
38.Rxh7 Kxh7 39.Qh5+ Kg8 40.Nh6+ Kg7 41.Rxf6 Rc1+ 42.Kb2  1/2-1/2

[Event "Djakovo op"]
[Site "Djakovo"]
[Date "1994.??.??"]
[Round "9"]
[White "Khudiakov, Igor"]
[Black "Kosanski, Stanko"]
[Result "1/2-1/2"]
[WhiteElo "2410"]
[BlackElo "2425"]

1.e4 g6 2.d4 Bg7 3.Nc3 d6 4.Be3 c6 5.a4 a5 6.h3 Nf6 7.Nf3 O-O 8.Bc4 Nxe4
9.Nxe4 d5 10.Bb3 dxe4 11.Ng5 Na6 12.h4 c5 13.d5 h5 14.Nxe4 b6 15.c3 Nc7 16.Qd2 Ne8
17.d6 Bb7 18.dxe7 Qxe7 19.Ng5 Rd8 20.Qc2 Qf6 21.Rg1 Bc8 22.Qe2 Qe5 23.Qc4 Nd6
24.Qd5 Qxd5 25.Bxd5 Nf5 26.O-O-O Rde8 27.Bf4 Be5 28.Bxe5 Rxe5 29.Rge1 Rxe1
30.Rxe1 Bd7 31.Bb3 Kg7 32.g3 Re8 33.Rd1 Re7 34.Nxf7 Bxa4 35.Bxa4 Kxf7 36.Rd7 Rxd7
37.Bxd7 Nd6 38.Bc6 Kf6 39.Kc2 g5 40.hxg5+ Kxg5 41.Kd3 h4 42.gxh4+ Kxh4 43.Bd5 Kg5
44.Ke3 Kf5 45.Bg8 Ke5 46.f4+ Kf6 47.Ba2  1/2-1/2

[Event "Hessen-ch"]
[Site "Doernigheim"]
[Date "1994.??.??"]
[Round "3"]
[White "Lutz, Klaus Juergen"]
[Black "Buchal, Stephan"]
[Result "1/2-1/2"]
[WhiteElo "2300"]
[BlackElo "2340"]

1.e4 g6 2.d4 Bg7 3.Nc3 d6 4.f4 Nc6 5.Be3 Nf6 6.Nf3 O-O 7.Be2 e6 8.Qd2 b6
9.O-O-O Bb7 10.Ng5 h6 11.Nh3 Ne7 12.Nf2 c5 13.Bf3 cxd4 14.Bxd4 d5 15.Bxf6 Bxf6
16.Ng4 Bg7 17.exd5 Nxd5 18.Nxd5 Bxd5 19.Bxd5 exd5 20.Qxd5 Qc7 21.g3 Rac8
22.Qb3 Rfe8 23.Rhe1 Qc5 24.a3 h5 25.Ne3 Re4  1/2-1/2

[Event "Hessen-ch"]
[Site "Doernigheim"]
[Date "1994.??.??"]
[Round "5"]
[White "Drill, Frank"]
[Black "Buchal, Stephan"]
[Result "0-1"]
[WhiteElo "2205"]
[BlackElo "2340"]

1.d4 g6 2.e4 Bg7 3.Nc3 d6 4.f4 Nf6 5.e5 Nfd7 6.Nf3 c5 7.e6 fxe6 8.Ng5 Nf6
9.dxc5 Nc6 10.cxd6 exd6 11.Bd3 Qb6 12.Nb5 O-O 13.Qf3 d5 14.Be3 Qa5+ 15.Bd2 Qd8
16.c4 h6 17.Nh3 e5 18.Bxg6 e4 19.Qg3 d4 20.O-O-O a6 21.Na3 Qb6 22.Kb1 Ne7
23.c5 Qxc5 24.Rc1 Qd5 25.Bb4 Nxg6 26.Qxg6 Bf5 27.Qg3 e3+ 28.Ka1 Rfc8 29.Be7 Ne4
30.Qf3 Be6  0-1

[Event "Hessen-ch"]
[Site "Doernigheim"]
[Date "1994.??.??"]
[Round "6"]
[White "Zude, Arno"]
[Black "Alber, Horst"]
[Result "1-0"]
[WhiteElo "2435"]
[BlackElo "2340"]

1.e4 g6 2.d4 Bg7 3.Nc3 d6 4.Be3 a6 5.Qd2 b5 6.f3 Nd7 7.O-O-O Bb7 8.g4 Rc8
9.h4 h5 10.gxh5 Rxh5 11.Bh3 Ngf6 12.Nge2 b4 13.Nb1 Rb8 14.Nf4 Ra5 15.Qg2 Bh6
16.Nd2 Bxf4 17.Bxf4 c5 18.Nc4 cxd4 19.Nxa5 Qxa5 20.Rxd4 e5 21.Rxd6 Qxa2 22.Bxd7+ Nxd7
23.Rxd7 Kxd7 24.Rd1+ Ke8 25.Qg5 Qa1+ 26.Kd2 Qa5 27.Ke1 Rc8 28.h5 Qc7 29.Bxe5 Qe7
30.Bf6 Qe6 31.h6 Bxe4 32.h7 Bxf3+ 33.Qe5 Qxe5+ 34.Bxe5 Ke7 35.Rd6 g5 36.Rxa6  1-0

[Event "Dresden op"]
[Site "Dresden"]
[Date "1994.??.??"]
[Round "?"]
[White "Polzin, Rainer"]
[Black "Chernyshov, Konstantin"]
[Result "0-1"]
[WhiteElo "2395"]
[BlackElo "2485"]

1.e4 g6 2.d4 Bg7 3.Nc3 d6 4.f4 Nf6 5.Nf3 O-O 6.Bd3 c5 7.dxc5 dxc5 8.e5 Nd5
9.Nxd5 Qxd5 10.Qe2 Bf5 11.Bc4 Qe4 12.Be3 Nc6 13.Ng5 Qxc2 14.Qxc2 Bxc2 15.Rc1 Bf5
16.Bxc5 Rac8 17.O-O h6 18.Nf3 Rfd8 19.Bb5 Bf8 20.Rc3 Rd5 21.Rfc1 a6 22.Be2 Nd8
23.Be3 Rxc3 24.Rxc3 Nc6 25.Bxa6 Nxe5 26.Be2 Nc6 27.Rc1 Bg7 28.b3 Nb4 29.Bc4 Rd6
30.Bc5 Nxa2 31.Bxd6 Nxc1 32.Bxe7 Be6 33.Bxe6 fxe6 34.b4 Ne2+ 35.Kf2 Nxf4
36.Bd6 Nd5 37.b5 Nc3 38.Be5 Nxb5 39.Ke3 Na7 40.Kd3 Nc6 41.Bd6 b5  0-1

[Event "Dresden op"]
[Site "Dresden"]
[Date "1994.??.??"]
[Round "?"]
[White "Mowsziszian, Karen"]
[Black "Polzin, Rainer"]
[Result "0-1"]
[WhiteElo "2525"]
[BlackElo "2395"]

1.d4 g6 2.e4 Bg7 3.Nc3 d6 4.h3 a6 5.a4 b6 6.g3 Bb7 7.Bg2 e6 8.Nge2 Ne7 9.O-O O-O
10.Be3 h6 11.Qd2 Kh7 12.g4 Qc8 13.f4 f5 14.gxf5 exf5 15.e5 Bxg2 16.Kxg2 dxe5
17.dxe5 Rd8 18.Qe1 Nbc6 19.Qf2 Qe6 20.Rad1 Nd5 21.Nxd5 Rxd5 22.Nc3 Rdd8 23.Qe2 Nb4
24.Rd2 Bf8 25.Rfd1 Be7 26.Kh2 Rxd2 27.Rxd2 Rd8 28.Nd1 Rxd2 29.Qxd2 Qc6 30.c3 Nd5
31.b3 b5 32.a5 g5 33.fxg5 Qe6 34.gxh6 Qxe5+ 35.Kh1 Qe4+ 36.Qg2 Bf6 37.Bd2 Qd3
38.h4 Be5 39.Qf2 Qh3+ 40.Kg1 Qg4+  0-1